Una historia infiel = Japanese Story /

Gespeichert in:
Bibliographische Detailangaben
1. Verfasser: Brooks, Sue (realización)
Weitere Verfasser: Tilson, Alison (guión) (guión), Baker, Ian (fotógrafo) (fotógrafo), Wilson, Margot (vestuario) (vestuario), Bilcock, Jill (montaje) (montaje), Drake, Elizabeth (música) (música), Collette, Toni (actuación) (actuación), Tsunashima, Gotaro (actuación) (actuación), Dyktynski, Matthew (actuación) (actuación)
Format: Dia
Sprache:Englisch
Veröffentlicht: Australia : Australian Film Finance Corporation, 2003, c2003
Schlagworte:
Tags: Tag hinzufügen
Keine Tags, Fügen Sie das erste Tag hinzu!

MARC

LEADER 00000ngm^a2200000^a^4500
001 000195090
005 20250521000000.0
009 20260526130916.281
037 |a Acervo ITESO - Biblioteca 
041 |a ING 
082 |a AU 820.  |b BRO 
100 |a Brooks, Sue  |e (realización) 
240 1 5 |a [Una historia infiel] 
245 1 4 |a Una historia infiel =  |b Japanese Story /  |c Realización de S. Brooks. 
264 4 |a Australia :  |b Australian Film Finance Corporation,  |c 2003, c2003 
264 2 |a México :  |b Videomax [distribución],  |c 2005, c2005 
300 |a 1 DVD regiones 1 y 4 (106 min.) :  |b color 
336 |a imagen móvil bidimensional  |b tdi  |2 rdacontenido 
337 |a video  |b v  |2 rdamedio 
338 |a videodisco  |b vd  |2 rdasoporte 
546 |a En inglés y japonés, con subtítulos opcionales: español, inglés 
546 |a Doblaje opcional: español 
585 |a Exposición DIA 2023-02/03 / Eros en busca de sentido 
586 |a Premio del Instituto Australiano de Cine (45°: 2003): Mejor Película (ganadora) 
586 |a Premio del Instituto Australiano de Cine (45°: 2003): Mejor Dirección (ganadora: Sue Brooks) 
586 |a Premio del Instituto Australiano de Cine (45°: 2003): Película con más premios (8) 
586 |a Mejores Películas del Cine Australiano: Encuesta del Festival de Cine de Adelaida (2018): 46ª 
649 |a XX 
650 |a Japoneses en Australia 
650 |a Dramas Cinematográficos 
650 |a Cine de Mujeres -  |z Australia 
650 |a Cine Australiano -  |y 2000-2009 
650 |a Cine Australiano -  |y Siglo XXI 
650 |a Infidelidad 
650 |a Relaciones Intergénero 
650 |a Sexualidad 
650 |a Incomunicación 
650 |a Aislamiento Social 
650 |a Relaciones Interculturales -  |z Australia-Japón 
650 |a Desiertos en el Cine 
650 |a Desiertos -  |z Australia Occidental 
650 |a Paisajes -  |z Australia Occidental 
700 |a Tilson, Alison  |e (guión) 
700 |a Baker, Ian  |e (fotógrafo) 
700 |a Wilson, Margot  |e (vestuario) 
700 |a Bilcock, Jill  |e (montaje) 
700 |a Drake, Elizabeth  |e (música) 
700 |a Collette, Toni  |e (actuación) 
700 |a Tsunashima, Gotaro  |e (actuación) 
700 |a Dyktynski, Matthew  |e (actuación) 
910 |a Fondo General 
920 |a Audiovisuales - DVDs 
940 |a Películas 
905 |a 302 
901 |a 0500139460  |b IT2  |c DVS  |u 20250521 
901 |a 0500275863  |b IT2  |c DVS  |i D101032  |u 20250521 
902 |a https://opac.biblio.iteso.mx/vufind/Record/000195090